01482nam a2200301 a 450000100100000000500170001000800410002702000150006804000250008308200200010810000350012824500440016326000820020730000200028949000130030958600560032259000260037865000280040465000310043283000190046391000400048295201330052295201330065595201330078895201180092195201240103999900170116300001123620240412074224.0091015s2006 dr 001 p spa d a9945427024 aDO-SdBNPbspacBNPHU aRD861.44bV182s1 aVallejo, Osiris,d1971-92680110aSaint Domingue, 2044 /cOsiris Vallejo. aSanto Domingo :bSecretaría de Estado de Cultura:bEditora Nacional,c2006. a85 p. ;c23 cm.1 aUltramar aPremio Concurso Literario. Letras de Ultramar, 2005 aInventariado, 2019/LP 0aPoesía dominicana966 0aLiteratura dominicana.967 0aUltramar91892 aValidado. Control de calidad BNPHU. 001054708DSaGRbGRcHDd2009-10-15iLF1l0oRD861.44 V182sp11236-30r2020-06-25te. 3w2020-06-25yLFDSZPréstamo en sala 001054708DSaGRbGRcHDd2009-10-15iLF1l0oRD861.44 V182sp11236-40r2020-06-25te. 4w2020-06-25yLFDSZPréstamo en sala 001054708DSaGRbGRcHDd2009-10-15iLF1l0oRD861.44 V182sp11236-50r2020-06-25te. 5w2020-06-25yLFDSZPréstamo en sala 0010718PDaPDbPDcHDd2009-10-15iLF1l0oRD861.44 V182sp11236-10r2020-06-25w2020-06-25yLFPDZNo se presta 0010718PDaPDbPDcHDd2009-10-15iLF1l0oRD861.44 V182sp11236-20r2020-06-25te. 2w2020-06-25yLFPDZNo se presta c10955d10955